| 000 | 00465nam a22001817a 4500 | ||
|---|---|---|---|
| 003 | CEME | ||
| 005 | 20210628203011.0 | ||
| 008 | 210216b xxu||||| |||| 00| 0 eng d | ||
| 020 | _a81-7629-182-X | ||
| 040 | _c. | ||
| 082 | _a352.0072 DHA | ||
| 100 |
_aDhaliwal, S.S Arora, N.K _962796 |
||
| 245 | _aMunicipal administration | ||
| 260 |
_aNEW DELHI _bDEEP AND DEEP _c2000 |
||
| 300 | _aXI,241P | ||
| 650 |
_aADMINISTRATION,MUNICIPAL _962797 |
||
| 942 |
_cBK _2ddc |
||
| 999 |
_c571785 _d571785 |
||